| 000 | 00433nam a2200193Ia 4500 | ||
|---|---|---|---|
| 008 | 170918s9999 xx 000 0 und d | ||
| 020 | _a9780545328975 | ||
| 050 | _bB234 2009 | ||
| 100 | _aBarber, Tiki | ||
| 245 | _aWild card / | ||
| 245 | _cby Tiki Barber. | ||
| 260 | _aNew York : | ||
| 260 | _bScholastic, | ||
| 260 | _c2009 | ||
| 300 | _a148 pages : | ||
| 300 | _billustrations ; | ||
| 300 | _c19cm. | ||
| 500 | _a740 | ||
| 999 |
_c343758 _d343758 |
||